Powerless / (Record no. 9779)

MARC details
000 -LEADER
fixed length control field 02091nam a22002777a 4500
001 - CONTROL NUMBER
control field 9779
003 - CONTROL NUMBER IDENTIFIER
control field FISKH
005 - DATE AND TIME OF LATEST TRANSACTION
control field 20260224080942.0
008 - FIXED-LENGTH DATA ELEMENTS--GENERAL INFORMATION
fixed length control field 260224b cb ||||| |||| 00| 0 eng d
020 ## - INTERNATIONAL STANDARD BOOK NUMBER
International Standard Book Number 9781398529489
040 ## - CATALOGING SOURCE
Original cataloging agency FISKH
Language of cataloging eng
Transcribing agency FISKH
Modifying agency FISKH
050 ## - LIBRARY OF CONGRESS CALL NUMBER
Classification number PZ7.1 .R5936 .P
082 ## - DEWEY DECIMAL CLASSIFICATION NUMBER
Classification number 813.6
100 ## - MAIN ENTRY--PERSONAL NAME
Personal name Roberts, Lauren
245 ## - TITLE STATEMENT
Title Powerless /
Statement of responsibility, etc. Lauren Roberts
260 ## - PUBLICATION, DISTRIBUTION, ETC.
Place of publication, distribution, etc. London :
Name of publisher, distributor, etc. Simon & Schuster,
Date of publication, distribution, etc. 2023.
300 ## - PHYSICAL DESCRIPTION
Extent 501, 10 pages :
Other physical details map ; illustrations ;
Dimensions 20 cm
490 ## - SERIES STATEMENT
Series statement Powerless :
Volume/sequential designation Book One
505 ## - FORMATTED CONTENTS NOTE
Formatted contents note R<br/>
520 ## - SUMMARY, ETC.
Summary, etc. She is the very thing he's spent his whole life hunting.<br/>He is the very thing she's spent her whole life pretending to be.<br/><br/>Only the extraordinary belong in the kingdom of Ilya�the exceptional, the empowered, the Elites. The powers these Elites have possessed for decades were graciously gifted to them by the Plague, though not all were fortunate enough to both survive the sickness and reap the reward. Those born Ordinary are just that—ordinary. And when the king decreed that all Ordinaries be banished to preserve his Elite society, lacking an ability suddenly became a crime—making Paedyn Gray a felon by fate and a thief by necessity.<br/><br/>Surviving in the slums as an Ordinary is no simple task, and Paedyn knows this better than most. Having been trained by her father to be keenly observant since she was a child, Paedyn poses as a Psychic in the crowded city, blending in with the Elites as best she can to stay alive and out of trouble...easier said than done.<br/><br/>When Paeydn unsuspectingly saves one of Ilya's princes, she finds herself thrown into the Purging Trials. The brutal competition exists to showcase the Elites' powers—the very thing Paedyn lacks. If the Trials and the opponents within them don't kill her, the prince she's fighting feelings for certainly will if he discovers what she is...completely Ordinary.
521 8# - TARGET AUDIENCE NOTE
Target audience note 750<br/>
Source Lexile estimate<br/>
521 8# - TARGET AUDIENCE NOTE
Target audience note R<br/>
Source Raz-Plus<br/><br/>
650 ## - SUBJECT ADDED ENTRY--TOPICAL TERM
Topical term or geographic name entry element Fantasy
Form subdivision Young Adult Fiction
General subdivision Love Triangle
942 ## - ADDED ENTRY ELEMENTS (KOHA)
Source of classification or shelving scheme Dewey Decimal Classification
Koha item type Books
Suppress in OPAC No
Holdings
Withdrawn status Lost status Source of classification or shelving scheme Damaged status Not for loan Collection Home library Current library Shelving location Date acquired Total Checkouts Full call number Barcode Date last seen Copy number Price effective from Koha item type
    Dewey Decimal Classification     Juvenile Fiction Footprints International School Library Network Toul Kork Campus Footprints International School Library Network Toul Kork Campus TK Primary Library Room(4th Floor), Bookcase 5&6, Shelves 33-56, Orange Books 02/24/2026   ROB 813.6 PZ7.1 .R5936 .P 2026-0266 02/24/2026 1 02/24/2026 Books